000 00844nam a2200265Ia 4500
003 OSt
005 20221005081813.0
006 a|||||r|||| 00| 0
007 ta
008 221004b |||||||| |||| 00| 0 eng d
020 _a9780761936633 (hbk)
_c650
024 _a89524
037 _b300, 22/02/2008, Bhartiya Sahitya Bhawan
_cTextual
040 _aCRL
_cCRL
_beng
041 _2eng
_aeng
082 _aV2,411.P1, P4-;1
100 _aThakurta Paranjoy Guha
_920799
245 0 _aDivided we stand
_b India in a time of coalitions
260 _aNew Delhi
_bSage India
_c2007
300 _a524p.
_ccm.
650 _aHISTORY
700 _a Raghuraman Shankar
942 _hV2,411.P1, P4-;1
_cTEXL
_2cc
999 _c988289
_d988289